Slovenské kúpele - súčasnosť a perspektívy

Tradícia kúpeľníctva na Slovensku. V súvislosti s transformáciou liečebného kúpeľníctva bolo potrebné určiť jeho pôsobenie a funkciu v podmienkach trhového hospodárstva. Prispôsobenie kúpeľníctva novým vzťahom vlastníctva. Nová koncepcia kúpeľníctva. Ciele privatizácie kúpeľníctva.

Na minha lista:
Detalhes bibliográficos
Autor principal: Štefanovičová, D.
Formato: Capítulo de Livro
Idioma:eslovaco
Assuntos:
Tags: Adicionar Tag
Sem tags, seja o primeiro a adicionar uma tag!

MARC

LEADER 00000naa a2200000 4500
001 r020896
005 20230825075457.9
041 0 |a slo 
044 |a SK 
245 1 0 |a Slovenské kúpele - súčasnosť a perspektívy  |c D. Štefanovičová 
520 |a Tradícia kúpeľníctva na Slovensku. V súvislosti s transformáciou liečebného kúpeľníctva bolo potrebné určiť jeho pôsobenie a funkciu v podmienkach trhového hospodárstva. Prispôsobenie kúpeľníctva novým vzťahom vlastníctva. Nová koncepcia kúpeľníctva. Ciele privatizácie kúpeľníctva. 
610 2 0 |a kúpele 
610 2 0 |a privatizácia 
610 2 0 |a Slovensko 
610 2 0 |a vzťahy vlastnícke 
610 2 0 |a transformácia 
610 2 0 |a starostlivosť zdravotná 
100 1 |a Štefanovičová, D.